Zdobywcy Pucharu Polski w siatkówce mężczyzn - Statystyki

Ogólne statystyki
  • Ten quiz został rozwiązany 50 razy
  • Średni wynik to 27 z 66
Statystyki odpowiedzi
Sezon Zdobywca % Poprawnych
2009/2010 Jastrzębski Węgiel
86%
2018/2019 Grupa Azoty ZAKSA Kędzierzyn-Koźle
84%
2020/2021 Grupa Azoty ZAKSA Kędzierzyn-Koźle
84%
2021/2022 Grupa Azoty ZAKSA Kędzierzyn-Koźle
84%
2022/2023 Grupa Azoty ZAKSA Kędzierzyn-Koźle
84%
1974/1975 Resovia Rzeszów
79%
1982/1983 Resovia Rzeszów
79%
1986/1987 Resovia Rzeszów
79%
2012/2013 ZAKSA Kędzierzyn-Koźle
79%
2013/2014 ZAKSA Kędzierzyn-Koźle
79%
2016/2017 ZAKSA Kędzierzyn-Koźle
79%
2010/2011 PGE Skra Bełchatów
77%
2011/2012 PGE Skra Bełchatów
77%
2015/2016 PGE Skra Bełchatów
77%
2004/2005 BOT Skra Bełchatów
72%
2006/2007 BOT Skra Bełchatów
72%
2023/2024 Aluron CMC Warta Zawiercie
65%
2014/2015 Lotos Trefl Gdańsk
63%
2008/2009 PGE Skra Bełchatów
63%
1997/1998 AZS Yawal Częstochowa
60%
2017/2018 Trefl Gdańsk
60%
2007/2008 Wkręt-met Domex AZS Częstochowa
60%
1969/1970 AZS Olsztyn
53%
1970/1971 AZS Olsztyn
53%
1971/1972 AZS Olsztyn
53%
1981/1982 AZS Olsztyn
53%
1988/1989 AZS Olsztyn
53%
1990/1991 AZS Olsztyn
53%
1991/1992 AZS Olsztyn
53%
1953 AZS-AWF Warszawa
44%
1953/1954 AZS-AWF Warszawa
44%
1954 AZS-AWF Warszawa
44%
1934 AZS Warszawa
40%
1950 AZS Warszawa
40%
1951 AZS Warszawa
40%
1980/1981 Gwardia Wrocław
33%
1998/1999 Warka Strong Czarni Radom
33%
1952 Legia Warszawa
30%
1960/1961 Legia Warszawa
30%
1983/1984 Legia Warszawa
30%
1985/1986 Legia Warszawa
30%
1994/1995 Legia Warszawa
30%
1932 ŁKS Łódź
28%
1984/1985 Płomień Milowice
26%
1995/1996 Stal Hochland Nysa
21%
1935 Cracovia
14%
1987/1988 Hutnik Kraków
12%
1989/1990 Hutnik Kraków
12%
1993/1994 BBTS Włókniarz Bielsko-Biała
9%
1973/1974 Hutnik Nowa Huta
9%
1996/1997 Stilon Gorzów Wielkopolski
9%
2005/2006 BOT Skra Bełchatów
7%
1999/2000 Mostostal-Azoty Kędzierzyn-Koźle
7%
2000/2001 Mostostal-Azoty Kędzierzyn-Koźle
7%
2001/2002 Mostostal-Azoty Kędzierzyn-Koźle
7%
1975/1976 Stal Mielec
7%
1972/1973 Beskid Andrychów
5%
1977/1978 Beskid Andrychów
5%
1959/1960 Górnik Katowice
5%
1976/1977 KS Posnania
5%
1978/1979 Resursa Łódź
5%
1933 Sokól Macierz Lwów
5%
1936 YMCA Kraków
5%
1992/1993 Chełmiec Wałbrzych
2%
2002/2003 KP Polska Energia Sosnowiec
2%
2003/2004 KP Polska Energia Sosnowiec
2%
Nie znaleziono quizów pasujących do podanych kryteriów
Rozkład punktacji
Procent ludzi z każdym wynikiem
Percentyl według liczby udzielonych odpowiedzi
Twoja historia wyników
Nie rozwiązałeś tego quizu